| 000 | 02141cam a2200337 i 4500 | ||
|---|---|---|---|
| 001 | 1356 | ||
| 005 | 20230821095017.0 | ||
| 008 | 150423s2015 dcua j b 001 0deng c | ||
| 020 | _a9781426321009 (pbk. : alk. paper) | ||
| 020 | _a9781426321016 (library binding : alk. paper) | ||
| 040 |
_aNJQ/DLC _beng _cNJQ _erda _dDLC |
||
| 050 | 0 | 0 |
_aTR140.P45 _bP48 2015 |
| 082 | 0 | 4 |
_a551 _223 |
| 100 | 1 |
_aPeter, Carsten, _eauthor. |
|
| 245 | 1 | 0 |
_aExtreme planet : _bCarsten Peter's adventures in volcanoes, caves, canyons, deserts, and beyond! / _cCarsten Peter, with Glen Phelan. |
| 246 | 3 | 0 | _aCarsten Peter's adventures in volcanoes, caves, canyons, deserts, and beyond |
| 260 |
_aWashington D.C. : _bScholastic, _c2015 |
||
| 300 |
_a111 pages : _bcolor illustrations ; _c28 cm. |
||
| 490 | 0 | _aNational Geographic kids | |
| 505 | 0 | _aO | |
| 505 | 0 | _aVolcanoes -- Glaciers and ice sheets -- Deserts -- Caves -- Canyons -- Tornadoes and lightning. | |
| 520 | _aThe earth explodes in shoots of hot magma, glaciers crash into the ocean, grotesque creatures lurk in deep caves... follow noted National Geographic explorer and photographer Carsten Peter as he shows us that our precious planet Earth is one wild and extreme place! Tornadoes, ice caves, glaciers, lightning--no territory or phenomenon is too scary for daring explorer Carsten Peter, who is right at home exploring the most outrageous places and raucous natural occurrences around the globe. Kids can follow along as he heads into extreme places and reveals the science and background behind these seemingly unexplainable natural places and phenomenon. Underlying each of his adventures is a dose of hard science, intriguing history, provocative images, tips, gear and gadget advice, and more to help kids learn about the Earth how they can help preserve the planet. | ||
| 521 | 1 |
_a840
_bLexile |
|
| 521 | 1 |
_aO
_bRaz-Plus |
|
| 650 | 0 |
_aGeology _vJuvenile literature. |
|
| 650 | 0 |
_aExtreme environments _vJuvenile literature. |
|
| 650 | 0 | _aNature photography. | |
| 700 | 1 |
_aPhelan, Glen, _eauthor. |
|
| 906 |
_a7 _bcbc _corignew _d1 _eecip _f20 _gy-gencatlg |
||
| 942 |
_2ddc _cBK _n0 |
||
| 999 |
_c1356 _d1356 |
||